| 000 | 00585nam a22002057a 4500 | ||
|---|---|---|---|
| 003 | KOHA_MİRAKIL | ||
| 005 | 20260406090234.0 | ||
| 008 | 260406b tu ||||| |||| 00| 0 tur d | ||
| 020 | _a9756121165 | ||
| 040 |
_aTR-AnABB _btur _cTR-AnABB |
||
| 041 | _atur | ||
| 082 |
_a089.94335 _bBAH 2006 |
||
| 100 | 1 | _aBahçekapılı, Alaettin | |
| 245 | 1 | 0 |
_aSesleri bende kaldı / _cAlaettin Bahçekapalı |
| 260 |
_aİstanbul : _bHeyamola Yayınları, _c2006 |
||
| 300 |
_a439sayfa ; _c20 cm |
||
| 500 | _ayazar imzalı | ||
| 650 | 0 | 4 | _aTürk edebiyatı, roman |
| 942 |
_2ddc _cBK |
||
| 999 |
_c10148 _d10148 |
||
| 900 | _bCem ÖZOGLU | ||